| 000 | 00418nam a2200121Ia 4500 | ||
|---|---|---|---|
| 008 | 171212s9999 xx 000 0 und d | ||
| 020 | _a9780833078254 | ||
| 100 | _aHarold, Scott;Nader, Alireza | ||
| 245 |
_cHarold, Scott;Nader, Alireza _aChina and Iran _bEconomic, Political, and Military Relations |
||
| 260 |
_bRAND Corporation _c2012 |
||
| 650 | _aHistory | ||
| 856 | _uhttp://www.jstor.org/stable/10.7249/j.ctt1q60w8 | ||
| 999 |
_c351854 _d351854 |
||